| 000 | 00651cam a22002171 4500 | ||
|---|---|---|---|
| 001 | z 01000027 | ||
| 003 | DLC | ||
| 005 | 20260227112812.0 | ||
| 008 | 850509m18989999pe b 000 0 spa | ||
| 010 | _az 01000027 | ||
| 035 | _a(OCoLC)12016857 | ||
| 040 |
_aDLC _cCLU _dDLC |
||
| 042 | _apremarc | ||
| 050 | 0 | 0 |
_aZ6009 _b.L74 |
| 110 | 2 |
_aSociedad Geográfica de Lima. _bBiblioteca. |
|
| 245 | 1 | 0 | _aCatálogo de la biblioteca de la Sociedad geográfica de Lima ... |
| 260 |
_aLima, _bL.H. Jiménez _c[1898- |
||
| 300 |
_a v. _c27 cm. |
||
| 505 | 1 | _aI. sección. Obras de la Sociedad geográfica. 1898- | |
| 651 | 0 |
_aSouth America _vBibliography. |
|
| 999 |
_c92408 _d92408 |
||